[Event "28th Czech Open A 2017"]
[Site "Pardubice CZE"]
[Date "2017.07.23"]
[Round "3.73"]
[White "Cawdery, Daniel"]
[Black "Tifferet, Shaked"]
[Result "1-0"]
[WhiteTitle "IM"]
[BlackTitle "FM"]
[WhiteElo "2426"]
[BlackElo "2236"]
[WhiteFideId "14300249"]
[BlackFideId "2811529"]
[EventDate "2017.07.21"]

1. e4 e5 2. Nf3 Nc6 3. Bb5 a6 4. Ba4 Nf6 5. O-O Be7 6. Bxc6 dxc6 7. Qe1 Be6 8.
b3 Nd7 9. Bb2 f6 10. d4 exd4 11. Nxd4 Bf7 12. f4 Bc5 13. Kh1 Bxd4 14. Bxd4 O-O
15. Nd2 Qe7 16. Qe3 c5 17. Bb2 Bd5 18. Rae1 Bc6 19. Re2 b6 20. Rfe1 Rfe8 21. Qg3
Rad8 22. Nf3 Bb7 23. Nh4 Qf8 24. e5 fxe5 25. fxe5 Re6 26. Rf2 Qe8 27. Nf5 Qg6
28. Qd3 Rf8 29. Ref1 h6 30. Ne7+ 1-0

[Event "28th Czech Open A 2017"]
[Site "Pardubice CZE"]
[Date "2017.07.23"]
[Round "3.74"]
[White "Karayev, Kanan"]
[Black "Parkhov, Yair"]
[Result "1-0"]
[WhiteTitle "FM"]
[BlackTitle "FM"]
[WhiteElo "2247"]
[BlackElo "2407"]
[WhiteFideId "13406671"]
[BlackFideId "2813408"]
[EventDate "2017.07.21"]

1. e4 c5 2. Nf3 d6 3. c3 Nf6 4. Be2 g6 5. O-O Bg7 6. Bb5+ Nbd7 7. Re1 a6 8. Bf1
Ne5 9. d4 Nxf3+ 10. Qxf3 cxd4 11. cxd4 e5 12. dxe5 dxe5 13. Nc3 Be6 14. Bg5 h6
15. Rad1 Qe7 16. Bxf6 Qxf6 17. Qxf6 Bxf6 18. Nd5 Bxd5 19. exd5 Kd7 20. d6 Rac8
21. g3 Bg7 22. Bg2 Rc2 23. Bxb7 Rb8 24. Be4 Rcxb2 25. Rc1 Rd2 26. Rc7+ Ke6 27.
Bxg6 fxg6 28. Rxg7 Kf6 29. Re7 Rb5 30. Re3 Rxd6 31. Re8 Kf5 32. Kg2 h5 33. h3 a5
34. Rf8+ Ke6 35. g4 hxg4 36. hxg4 Ke7 37. Ra8 Rd4 38. Kg3 Ke6 39. Rf3 Rd6 40. g5
Rbd5 41. Rf6+ Ke7 42. Ra7+ Rd7 43. Rxg6 Rxa7 44. Rg7+ Ke6 45. Rxa7 Rd4 46. g6
Kf5 47. g7 Rg4+ 48. Kf3 Rg6 49. a4 Rg1 50. Ke3 Rg4 51. Kd3 Rg5 52. Kc4 Ke6 53.
Kb5 Rg1 54. Kxa5 Kd5 55. Kb6 e4 56. a5 Kc4 57. Rc7+ Kb4 58. a6 Rg6+ 59. Kb7 1-0

[Event "28th Czech Open A 2017"]
[Site "Pardubice CZE"]
[Date "2017.07.23"]
[Round "3.75"]
[White "Gurpreet, Singh Maras"]
[Black "Cuhendi, Sean Winshand"]
[Result "1-0"]
[BlackTitle "IM"]
[WhiteElo "2231"]
[BlackElo "2398"]
[WhiteFideId "5014433"]
[BlackFideId "7101554"]
[EventDate "2017.07.21"]

1. d4 Nf6 2. Bf4 g6 3. Nc3 d5 4. e3 Bg7 5. h4 h5 6. Bd3 c5 7. Nb5 Na6 8. c3 Bd7
9. Na3 Qb6 10. Qd2 c4 11. Bb1 Bf5 12. f3 Bxb1 13. Rxb1 Nd7 14. Ne2 O-O 15. O-O
Qc6 16. e4 Nc7 17. Rbe1 Rfe8 18. Nc2 a5 19. Ne3 dxe4 20. fxe4 e5 21. dxe5 Nxe5
22. Nd4 Qc5 23. Re2 Rad8 24. Bg5 Rd7 25. Bf6 Bxf6 26. Rxf6 Nd3 27. Nef5 Qe5 28.
Qg5 Ne6 29. Nh6+ Kh7 30. Nxe6 Qxg5 31. Rxf7+ Rxf7 32. Nxg5+ Kxh6 33. Nxf7+ Kg7
34. Nd6 Re6 35. Nxc4 a4 36. e5 Rc6 37. Nd6 Kf8 38. Rd2 Nxe5 39. Nxb7 Nc4 40.
Rf2+ Ke7 41. b3 Ne3 42. Re2 1-0

[Event "28th Czech Open A 2017"]
[Site "Pardubice CZE"]
[Date "2017.07.23"]
[Round "3.76"]
[White "Murtazin, Bulat"]
[Black "Mammadova, Narmin"]
[Result "1-0"]
[WhiteTitle "FM"]
[BlackTitle "WIM"]
[WhiteElo "2397"]
[BlackElo "2234"]
[WhiteFideId "24151351"]
[BlackFideId "13403710"]
[EventDate "2017.07.21"]

1. d4 d5 2. c4 dxc4 3. Nf3 Nf6 4. e3 e6 5. Bxc4 a6 6. O-O b5 7. Bb3 Bb7 8. a4
Nbd7 9. Qe2 b4 10. Nbd2 c5 11. Rd1 Qc7 12. Nf1 Be7 13. Bd2 O-O 14. Rac1 Qb6 15.
Ng3 Rac8 16. Ne5 Rfd8 17. Be1 Bf8 18. Rc2 Nxe5 19. dxe5 Qc6 20. f3 Rxd1 21. Qxd1
Nd7 22. Bxb4 Nxe5 23. Bc3 Qb6 24. Ba2 Nc6 25. Rd2 Nb4 26. Bb1 c4 27. Bd4 Qa5 28.
Ne4 e5 29. Bc3 Qb6 30. Qe1 Nd3 31. Bxd3 cxd3 32. Rxd3 f5 33. Nf2 Re8 34. Qd2 Bc6
35. a5 Qb7 36. Rd8 Qe7 37. Rxe8 Qxe8 38. Qd3 Bd7 39. Qxa6 Bb5 40. Qb7 Bc4 41. b3
Qb5 42. Qxb5 Bxb5 43. Bxe5 Kf7 44. Nh3 Ke6 45. Bd4 Bb4 46. Ng5+ Kd5 47. Bxg7
Bxa5 48. Nxh7 Bd3 49. h4 Bd2 50. Bd4 f4 51. Nf6+ Ke6 52. Ne4 fxe3 53. Nc5+ Kd5
54. Nxd3 Kxd4 55. Nf4 Ke5 56. Ne2 Be1 57. Kf1 Bxh4 58. g3 Be7 59. Ke1 Kd5 60.
Kd1 1-0

[Event "28th Czech Open A 2017"]
[Site "Pardubice CZE"]
[Date "2017.07.23"]
[Round "3.77"]
[White "Saiyn, Zhanat"]
[Black "Sahil, Tickoo"]
[Result "1/2-1/2"]
[WhiteTitle "IM"]
[WhiteElo "2390"]
[BlackElo "2234"]
[WhiteFideId "13703820"]
[BlackFideId "5019710"]
[EventDate "2017.07.21"]

1. d4 d5 2. Nf3 Nf6 3. c4 e6 4. Nc3 Be7 5. Bf4 O-O 6. e3 b6 7. Bd3 c5 8. cxd5
Nxd5 9. dxc5 Nxf4 10. exf4 Bb7 11. Be4 Bxe4 12. Nxe4 bxc5 13. Qxd8 Rxd8 14. Ke2
Kf8 15. Rhd1 Nd7 16. Rd2 Nf6 17. Nxf6 1/2-1/2

[Event "28th Czech Open A 2017"]
[Site "Pardubice CZE"]
[Date "2017.07.23"]
[Round "3.78"]
[White "Konguvel, Ponnuswamy"]
[Black "Citra, Dewi Ardhiani Anastasia"]
[Result "1-0"]
[WhiteTitle "IM"]
[BlackTitle "WFM"]
[WhiteElo "2388"]
[BlackElo "2227"]
[WhiteFideId "5000548"]
[BlackFideId "7101244"]
[EventDate "2017.07.21"]

1. e4 c5 2. Nf3 Nc6 3. d4 cxd4 4. Nxd4 g6 5. c4 Nf6 6. Nc3 d6 7. Be2 Nxd4 8.
Qxd4 Bg7 9. Be3 O-O 10. Qd2 Be6 11. O-O Qa5 12. Rab1 Rfc8 13. b3 Ng4 14. Nd5
Qxd2 15. Bxd2 Kf8 16. Bg5 Nf6 17. Nxf6 Bxf6 18. Bxf6 exf6 19. Rbd1 Ke7 20. f4
Rc5 21. Rd4 Ra5 22. a4 Ra6 23. g4 Rb6 24. f5 Bd7 25. Rf3 a5 26. Bd1 g5 27. Rh3
Rh8 28. Kf2 h6 29. Rhd3 Rc8 30. Rh3 Rh8 31. Ke1 Rc6 32. Be2 b6 33. Rhd3 Bc8 34.
Bf3 Ba6 35. e5 fxe5 36. f6+ Kxf6 37. Rxd6+ Rxd6 38. Rxd6+ Kg7 39. Rxb6 Bc8 40.
Rb5 h5 41. h3 hxg4 42. hxg4 e4 43. Bg2 Kf6 44. Kf2 Re8 45. Ke3 Bxg4 46. Bxe4 Re5
47. Kd4 Rxb5 48. axb5 Ke7 49. b6 Kd8 50. Ke5 Kc8 51. c5 Be6 52. c6 Bxb3 53. Kd6
Be6 54. c7 1-0

[Event "28th Czech Open A 2017"]
[Site "Pardubice CZE"]
[Date "2017.07.23"]
[Round "3.79"]
[White "Varitski, Igor"]
[Black "Sindarov, Javokhir"]
[Result "0-1"]
[WhiteTitle "IM"]
[BlackTitle "CM"]
[WhiteElo "2226"]
[BlackElo "2383"]
[WhiteFideId "14102862"]
[BlackFideId "14205483"]
[EventDate "2017.07.21"]

1. e4 e5 2. Nf3 Nc6 3. d4 exd4 4. c3 dxc3 5. Nxc3 Bb4 6. Bc4 Nf6 7. e5 d5 8.
exf6 dxc4 9. Qxd8+ Nxd8 10. fxg7 Rg8 11. Bh6 f6 12. O-O Kf7 13. Nb5 Ba5 14. Bf4
Ne6 15. Bg3 a6 16. Nbd4 Nxd4 17. Nxd4 c5 18. Ne2 Bf5 19. Nc3 Rge8 20. Rfd1 Rad8
21. Bd6 Bc2 22. Rdc1 Rxd6 23. Rxc2 Kxg7 24. Na4 b5 25. Nxc5 Re7 26. f3 f5 27. a3
Bb6 0-1

[Event "28th Czech Open A 2017"]
[Site "Pardubice CZE"]
[Date "2017.07.23"]
[Round "3.80"]
[White "Burnett, Andrew"]
[Black "Nasanjargal, Urtnasan"]
[Result "0-1"]
[WhiteTitle "FM"]
[BlackTitle "FM"]
[WhiteElo "2211"]
[BlackElo "2381"]
[WhiteFideId "2400855"]
[BlackFideId "4900774"]
[EventDate "2017.07.21"]

1. d4 Nf6 2. c4 g6 3. Nc3 Bg7 4. e4 d6 5. Be2 O-O 6. Be3 c5 7. dxc5 Qa5 8. Bd2
Qxc5 9. Nf3 Nc6 10. O-O Bg4 11. Be3 Qa5 12. a3 Rfc8 13. b4 Qd8 14. Qb3 Nd7 15.
Rfd1 Nce5 16. Nxe5 Bxe2 17. Nxe2 Nxe5 18. Rac1 Qe8 19. f3 a6 20. Nf4 b5 21. c5
dxc5 22. Rxc5 e6 23. Nd3 Nc4 24. Rxc8 Qxc8 25. Nc5 a5 26. Bg5 Qc7 27. Qd3 Be5
28. Nd7 Nb2 29. Qxb5 Bxh2+ 30. Kf1 Nxd1 31. Nf6+ Kg7 32. Ne8+ Rxe8 33. Qxe8 Qc2 0-1

[Event "28th Czech Open A 2017"]
[Site "Pardubice CZE"]
[Date "2017.07.23"]
[Round "3.81"]
[White "Kolotilina, Liudmila"]
[Black "Zvara, Petr"]
[Result "0-1"]
[WhiteTitle "WFM"]
[BlackTitle "IM"]
[WhiteElo "2205"]
[BlackElo "2370"]
[WhiteFideId "32099568"]
[BlackFideId "304000"]
[EventDate "2017.07.21"]

1. e4 d5 2. exd5 Qxd5 3. Nc3 Qa5 4. d4 Nf6 5. Nf3 c6 6. Bc4 Bf5 7. Bd2 e6 8. Nd5
Qd8 9. Nxf6+ gxf6 10. O-O Nd7 11. Re1 Nb6 12. Bf1 Bg4 13. h3 Bh5 14. c4 Be7 15.
Bc3 Qd7 16. a4 O-O-O 17. a5 Na8 18. Qd3 Nc7 19. Qe3 Kb8 20. Nd2 Ne8 21. Ne4 Nd6
22. Qf4 Qc7 23. Nxf6 Bxf6 24. Qxf6 Rhg8 25. d5 cxd5 26. cxd5 Rg6 27. Qh4 Bf3 28.
Rac1 Qd7 29. dxe6 fxe6 30. Qf4 Bxg2 31. Bxg2 Rdg8 32. Be5 Rxg2+ 33. Kh1 Ka8 34.
Qd4 Qf7 35. Qxd6 Rh2+ 0-1

[Event "28th Czech Open A 2017"]
[Site "Pardubice CZE"]
[Date "2017.07.23"]
[Round "3.82"]
[White "Pulpan, Jakub"]
[Black "Oberhofer, Cedric"]
[Result "1-0"]
[WhiteTitle "FM"]
[WhiteElo "2368"]
[BlackElo "2222"]
[WhiteFideId "302759"]
[BlackFideId "12941220"]
[EventDate "2017.07.21"]

1. e4 c5 2. Nf3 Nc6 3. Nc3 e5 4. Bc4 Be7 5. d3 d6 6. Nd2 Nf6 7. Nf1 Be6 8. Ne3
Qd7 9. O-O O-O 10. a4 Nd4 11. Ncd5 Bxd5 12. Nxd5 Nxd5 13. Bxd5 Kh8 14. a5 Rab8
15. c3 Nc6 16. Qb3 Bd8 17. a6 b5 18. f4 exf4 19. Bxf4 Bf6 20. Bg3 Be5 21. Bxc6
Qxc6 22. Bxe5 dxe5 23. Rxf7 c4 24. Rxf8+ Rxf8 25. dxc4 Qc5+ 26. Kh1 bxc4 27. Qb7
h6 28. h3 Rf2 29. Rd1 Qe3 30. Qb8+ Kh7 31. Qxe5 Rxg2 32. Kxg2 Qe2+ 33. Kg3 Qxd1
34. Qf5+ Kh8 35. Qc8+ Kh7 36. Qxc4 Qg1+ 37. Kf3 Qh1+ 38. Ke3 Qg1+ 39. Kd2 Qg5+
40. Kc2 Qg2+ 41. Kb3 Qxh3 42. e5 Qe3 43. e6 h5 44. Ka4 Kg6 45. Qc8 Qe4+ 46. b4
Qc2+ 47. Kb5 Qf5+ 48. Kc6 Qe4+ 49. Kd6 Qf4+ 50. Kc6 Qf3+ 51. Kd7 Qd5+ 52. Kc7
Qe5+ 53. Kb7 Qe3 54. Qe8+ Kf6 55. Qf8+ Kg6 56. Qe8+ Kf6 57. Qd8+ 1-0

[Event "28th Czech Open A 2017"]
[Site "Pardubice CZE"]
[Date "2017.07.23"]
[Round "3.83"]
[White "Flak, Pawel"]
[Black "Heidrich, Manfred"]
[Result "1/2-1/2"]
[BlackTitle "FM"]
[WhiteElo "2204"]
[BlackElo "2366"]
[WhiteFideId "1117548"]
[BlackFideId "4602722"]
[EventDate "2017.07.21"]

1. d4 f5 2. g4 d5 3. h3 Nf6 4. Bg2 fxg4 5. c4 dxc4 6. hxg4 Nxg4 7. Qa4+ c6 8.
Qxc4 Qd6 9. Nc3 Be6 10. Qd3 Nd7 11. Nh3 Bg8 12. f3 Nh6 13. Bf4 Qg6 14. Qxg6+
hxg6 15. Ng5 e6 16. O-O-O Be7 17. Nce4 Nf6 18. Nc5 Bxc5 19. dxc5 Bf7 20. e4 O-O
21. Rd6 e5 22. Bxe5 Bxa2 23. Bxf6 Rxf6 24. Rxf6 gxf6 25. Rxh6 fxg5 26. Rxg6+ Kf7
27. Rxg5 Rd8 28. Kc2 Bc4 29. f4 Bd3+ 30. Kc3 Bb1 31. b3 Rd3+ 32. Kb2 Rd1 33. Rh5
Kg7 34. Rh1 Rd2+ 35. Kc3 Rxg2 36. Rxb1 Rf2 37. Rg1+ Kf6 38. Rg4 Rf3+ 39. Kc4 Re3
40. f5 Ke5 41. Rh4 b6 42. f6 Kxf6 43. cxb6 axb6 44. Rh6+ Ke7 45. Rxc6 b5+ 46.
Kd5 Rxb3 47. Rc7+ Kd8 48. Rh7 Ra3 49. e5 Ra6 50. Rb7 Ke8 51. Ke4 b4 52. Kf5 b3
53. Rxb3 Rc6 54. Rb8+ Ke7 55. Rb7+ Ke8 56. Ra7 Rb6 57. Kg5 Rc6 58. Kf5 Rb6 59.
Ke4 Rh6 60. Rg7 Ra6 61. Kd5 Rb6 62. Kc5 Ra6 1/2-1/2

[Event "28th Czech Open A 2017"]
[Site "Pardubice CZE"]
[Date "2017.07.23"]
[Round "3.84"]
[White "Koscielski, Janusz"]
[Black "Audi, Ameya"]
[Result "0-1"]
[WhiteTitle "FM"]
[WhiteElo "2354"]
[BlackElo "2219"]
[WhiteFideId "4614437"]
[BlackFideId "25034430"]
[EventDate "2017.07.21"]

1. g3 Nf6 2. Bg2 g6 3. e4 d6 4. d4 Bg7 5. Nc3 O-O 6. Nge2 e5 7. h3 Nc6 8. Be3
exd4 9. Nxd4 Ne5 10. b3 Re8 11. O-O c6 12. Nde2 Qc7 13. f4 Ned7 14. Qd2 d5 15.
e5 Ne4 16. Nxe4 dxe4 17. Rad1 f5 18. exf6 Nxf6 19. c4 h5 20. Bd4 Bf5 21. Qb2 Qe7
22. Kh2 Rad8 23. Be5 Nd7 24. Bxg7 Qxg7 25. Qxg7+ Kxg7 26. Rd4 Nc5 27. Rfd1 Rxd4
28. Rxd4 a5 29. Nc3 e3 30. Ne2 Re7 31. Rd1 Bc2 32. Rc1 Bd3 33. Re1 Bxe2 34. Rxe2
Nd3 35. Bf3 Nc1 36. Re1 Nxa2 37. Kg2 Nc3 38. Kf1 Kf6 39. Rc1 e2+ 40. Kf2 Kf5 41.
h4 b5 42. Bxc6 a4 43. bxa4 b4 44. Ke1 Re3 45. a5 b3 0-1

[Event "28th Czech Open A 2017"]
[Site "Pardubice CZE"]
[Date "2017.07.23"]
[Round "3.85"]
[White "Sodoma, Jan"]
[Black "Lyell, Mark"]
[Result "1/2-1/2"]
[WhiteTitle "IM"]
[BlackTitle "FM"]
[WhiteElo "2351"]
[BlackElo "2204"]
[WhiteFideId "323195"]
[BlackFideId "402354"]
[EventDate "2017.07.21"]

1. Nf3 f5 2. g3 Nf6 3. Bg2 e6 4. O-O Be7 5. b3 O-O 6. Bb2 d6 7. d4 Qe8 8. Nbd2
Nc6 9. c4 Bd8 10. Re1 e5 11. dxe5 dxe5 12. e4 f4 13. c5 fxg3 14. fxg3 Qh5 15. b4
Be7 16. Rc1 Bg4 17. Qb3+ Kh8 18. b5 Nd4 19. Nxd4 exd4 20. Bxd4 Rad8 21. Qc3 Be2
22. Bf1 Bxf1 23. Nxf1 Qg6 24. Rc2 Nxe4 25. Bxg7+ Qxg7 26. Qxg7+ Kxg7 27. Rxe4
Bg5 28. Ne3 Rd4 29. Re5 Bxe3+ 30. Rxe3 Rb4 31. Rb3 Rxb3 32. axb3 Rf3 33. b4 Rb3
34. Rc4 Rb2 35. Rd4 Kf6 36. Kf1 h5 37. Rh4 Kg5 38. Ke1 b6 39. c6 Kg6 40. h3 Kg5
41. Rd4 Kf5 42. Kd1 Rg2 43. Rd5+ Ke4 44. Rg5 Kd3 45. Ke1 Ke3 46. Kf1 Rf2+ 47.
Kg1 Rb2 48. h4 Kf3 49. Rxh5 Kxg3 50. Kf1 Rxb4 51. Rh7 Rxb5 52. Rxc7 a5 53. Rb7
Kxh4 54. Rb8 Rc5 55. Rxb6 Kg4 56. Ke2 a4 57. Ra6 1/2-1/2

[Event "28th Czech Open A 2017"]
[Site "Pardubice CZE"]
[Date "2017.07.23"]
[Round "3.86"]
[White "Rafiee, Makan"]
[Black "Semjonovs, Ilja"]
[Result "1-0"]
[WhiteTitle "FM"]
[WhiteElo "2345"]
[BlackElo "2198"]
[WhiteFideId "24609340"]
[BlackFideId "11604263"]
[EventDate "2017.07.21"]

1. e4 c5 2. Nf3 d6 3. d4 cxd4 4. Nxd4 Nf6 5. Nc3 a6 6. Bg5 e6 7. f4 Qb6 8. Qd2
Qxb2 9. Rb1 Qa3 10. e5 h6 11. Bh4 dxe5 12. fxe5 Nd5 13. Nxd5 exd5 14. e6 Bxe6
15. Nxe6 fxe6 16. Bd3 Be7 17. Bg6+ Kd8 18. Bxe7+ Qxe7 19. O-O Nd7 20. Rxb7 Qc5+
21. Kh1 Ra7 22. Rb3 Rf8 23. Rxf8+ Qxf8 24. Qa5+ Rc7 25. Qxa6 Qf6 26. Bd3 Qa1+
27. Bf1 Rxc2 28. Rf3 Qe5 29. a4 d4 30. a5 Qd5 31. Kg1 Ra2 32. Bb5 Qc5 33. Rf1
d3+ 34. Kh1 Qd5 35. Bc6 Rxa5 36. Qb7 Qd6 37. Bxd7 Rf5 38. Qc8+ Ke7 39. Qe8+ Kf6
40. Qd8+ Ke5 41. Qa5+ Kd4 42. Rxf5 exf5 43. Bxf5 Qc6 44. Qd2 Qc3 45. Qf4+ Kd5
46. Qe4+ Kc5 47. Qe3+ Kc4 48. Kg1 d2 49. Qe2+ Kd4 50. Kf2 Qc1 51. Bg4 Kc3 52.
Qd1 Kb2 53. Ke2 Kc3 54. Ke3 Qb2 55. Qf3 d1=N+ 56. Qxd1 Qxg2 57. Qd4+ Kb3 58.
Bd1+ Ka3 59. Qc3+ Ka2 60. Qb3+ Ka1 61. Bc2 Qh3+ 62. Ke4 Qh4+ 63. Kd5 Qd8+ 64.
Ke6 Qe8+ 65. Kf5 Qh5+ 66. Ke4 Qh4+ 67. Kd5 Qd8+ 68. Kc4 Qc7+ 69. Kd3 Qd6+ 70.
Kc3 Qe5+ 71. Kb4 Qe7+ 72. Kb5 Qb7+ 73. Kc5 Qc7+ 74. Kd4 Qd6+ 75. Ke3 Qc5+ 76.
Ke2 Qe5+ 77. Kf1 Qf4+ 78. Kg2 Qd2+ 79. Kh3 Qd7+ 80. Kh4 Qd4+ 81. Kh5 g6+ 82.
Kxh6 Qh4+ 83. Kg7 Qd4+ 84. Kf7 Qd7+ 85. Kf6 Qd6+ 86. Kg5 Qe5+ 87. Kg4 Qe2+ 88.
Kg3 Qe1+ 89. Kf3 Qf1+ 90. Ke3 Qh3+ 91. Kd4 Qh4+ 92. Be4 Qf6+ 93. Ke3 Qg5+ 94.
Kd3 Qd8+ 95. Bd5 Qa5 96. Qd1+ Kb2 97. Qc2+ 1-0

[Event "28th Czech Open A 2017"]
[Site "Pardubice CZE"]
[Date "2017.07.23"]
[Round "3.87"]
[White "Jedlicka, Ales"]
[Black "Suleymanli, Aydin"]
[Result "1/2-1/2"]
[WhiteTitle "FM"]
[BlackTitle "CM"]
[WhiteElo "2200"]
[BlackElo "2345"]
[WhiteFideId "304824"]
[BlackFideId "13413937"]
[EventDate "2017.07.21"]

1. d4 d5 2. c4 c6 3. Nf3 Nf6 4. Nc3 e6 5. e3 Nbd7 6. Qc2 Bd6 7. Be2 O-O 8. O-O
Qe7 9. Rd1 b6 10. e4 Nxe4 11. Nxe4 dxe4 12. Qxe4 Bb7 13. b3 Rae8 14. Bb2 f5 15.
Qd3 Nf6 16. Ne5 c5 17. dxc5 Bxc5 18. Nd7 Nxd7 19. Qxd7 Rd8 20. Qxe7 Bxe7 21. Kf1
Kf7 22. Rac1 Bg5 23. Rxd8 Rxd8 24. Rd1 Rxd1+ 25. Bxd1 Bf6 26. Bc1 Be4 27. f3 Bb1
28. a3 Be5 29. g3 Bd4 30. Ke2 e5 31. Be3 Bxe3 32. Kxe3 g5 33. f4 exf4+ 34. gxf4
g4 35. Kf2 Bd3 36. Ke3 Bb1 37. Kf2 Bd3 38. Ke3 Bb1 39. Kf2 1/2-1/2

[Event "28th Czech Open A 2017"]
[Site "Pardubice CZE"]
[Date "2017.07.23"]
[Round "3.88"]
[White "Nyysti, Sampsa"]
[Black "Jeet, Jain"]
[Result "0-1"]
[WhiteTitle "IM"]
[WhiteElo "2344"]
[BlackElo "2191"]
[WhiteFideId "502138"]
[BlackFideId "5073022"]
[EventDate "2017.07.21"]

1. e4 e5 2. Nf3 Nc6 3. Bc4 Bc5 4. c3 Nf6 5. d3 d6 6. Bb3 a6 7. O-O h6 8. Re1 O-O
9. h3 Be6 10. Bc2 Ba7 11. d4 exd4 12. cxd4 d5 13. e5 Ne4 14. Nc3 Nxc3 15. bxc3
f5 16. Nh2 Qd7 17. Qd3 Ne7 18. Qg3 Kh8 19. Qh4 Ng8 20. Ba3 c5 21. Bxc5 Bxc5 22.
dxc5 Rac8 23. Qb4 Rc7 24. c6 Qc8 25. cxb7 Rxb7 26. Qa3 Rc7 27. Rac1 Rxc3 28. Bb3
Re8 29. Rxc3 Qxc3 30. Nf3 Ne7 31. Rc1 Qd3 32. Qd6 Ng6 33. Ba4 Re7 34. Nh4 Nxh4
35. Qxe7 Qe4 36. Kf1 Qxg2+ 37. Ke1 Qe4+ 38. Kd2 Qf4+ 39. Kc2 Qxa4+ 40. Kb1 Qe4+
41. Rc2 Nf3 42. Kb2 Qxe5+ 43. Ka3 Nd4 44. Rc8+ Kh7 45. Re8 Qf4 0-1

[Event "28th Czech Open A 2017"]
[Site "Pardubice CZE"]
[Date "2017.07.23"]
[Round "3.89"]
[White "Vusatiuk, Vladimir"]
[Black "Dvorak, Adam"]
[Result "1/2-1/2"]
[WhiteTitle "IM"]
[WhiteElo "2338"]
[BlackElo "2185"]
[WhiteFideId "14118610"]
[BlackFideId "346497"]
[EventDate "2017.07.21"]

1. e4 c5 2. Nf3 Nc6 3. d4 cxd4 4. Nxd4 Nf6 5. Nc3 d6 6. Bg5 Qb6 7. Nb3 Be6 8.
Qd2 Nd7 9. Be3 Qc7 10. f4 Bxb3 11. cxb3 g6 12. Nd5 Qd8 13. Qc3 e5 14. Bc4 Bg7
15. O-O O-O 16. f5 Rc8 17. Qd2 Nd4 18. Qf2 b5 19. Bxd4 bxc4 20. Bxa7 Nf6 21.
Nxf6+ Bxf6 22. b4 c3 23. bxc3 Rxc3 24. Be3 gxf5 25. Bh6 Bg5 26. Bxg5 Qxg5 27.
exf5 d5 28. Rae1 e4 29. Qd4 Rd3 30. Qe5 Rd2 31. Rf2 Rc8 32. Rxd2 Qxd2 33. Qg3+
Kh8 34. Qe5+ Kg8 35. Qg3+ Kh8 36. b5 Rc1 37. Kf1 e3 38. Qe5+ Kg8 39. Qe8+ 1/2-1/2

[Event "28th Czech Open A 2017"]
[Site "Pardubice CZE"]
[Date "2017.07.23"]
[Round "3.90"]
[White "Hrabusa, Matej"]
[Black "Nguyen, Huy Dat"]
[Result "1/2-1/2"]
[WhiteElo "2335"]
[BlackElo "2180"]
[WhiteFideId "14908042"]
[BlackFideId "12923486"]
[EventDate "2017.07.21"]

1. d4 Nf6 2. Nf3 e6 3. Bf4 b6 4. e3 Bb7 5. h3 Be7 6. Bd3 O-O 7. O-O c5 8. c3 Qc8
9. a4 Nc6 10. Na3 d6 11. Nc4 Rd8 12. Qb1 Ba6 13. Rc1 d5 14. Nce5 Bxd3 15. Qxd3
c4 16. Nxc6 Qxc6 17. Qd1 Rdc8 18. Bg5 h6 19. Bxf6 Bxf6 20. b3 cxb3 21. Qxb3 Rc7
22. Rc2 Rac8 23. Nd2 Qd7 24. Rac1 e5 25. Nf3 exd4 26. cxd4 Rxc2 27. Rxc2 Rxc2
28. Qxc2 a6 29. Ne1 Be7 30. Nd3 Bd6 31. Kf1 Kf8 32. Ke1 Ke7 33. Kd1 b5 34. axb5
Qxb5 35. Ne1 a5 36. Qd3 Qb2 37. Qc2 Qb5 38. Qd3 1/2-1/2

[Event "28th Czech Open A 2017"]
[Site "Pardubice CZE"]
[Date "2017.07.23"]
[Round "3.91"]
[White "Paprocki, Jaroslaw"]
[Black "Krykun, Yuriy"]
[Result "0-1"]
[BlackTitle "FM"]
[WhiteElo "2192"]
[BlackElo "2334"]
[WhiteFideId "1122274"]
[BlackFideId "14140667"]
[EventDate "2017.07.21"]

1. e4 e5 2. Nf3 Nc6 3. Bb5 a6 4. Ba4 Nf6 5. d3 d6 6. c3 g6 7. O-O Bg7 8. Re1 O-O
9. d4 b5 10. Bb3 Bg4 11. Be3 exd4 12. cxd4 Na5 13. Bc2 Nc4 14. Bc1 c5 15. dxc5
dxc5 16. Nbd2 Nxd2 17. Qxd2 Bxf3 18. Qxd8 Rfxd8 19. gxf3 Nd7 20. Rb1 Ne5 21. Kg2
Nd3 22. Bxd3 Rxd3 23. b3 Rad8 24. Be3 Bd4 25. Bxd4 R8xd4 26. Re2 Rc3 27. Rbb2
Rdd3 28. f4 c4 29. bxc4 Rxc4 30. Rbc2 Rxc2 31. Rxc2 b4 32. f3 a5 33. Kg3 Rc3 34.
Rd2 Kf8 35. e5 Ke7 36. h4 f6 37. Re2 Ke6 38. Kg4 Rc5 39. exf6+ Kxf6 40. Kg3 Rb5
41. Re8 a4 42. h5 gxh5 43. Re2 b3 44. axb3 axb3 45. Rb2 Rb7 46. Kf2 Kf5 47. Kg3
h4+ 48. Kxh4 Kxf4 49. Kh3 Kxf3 0-1

[Event "28th Czech Open A 2017"]
[Site "Pardubice CZE"]
[Date "2017.07.23"]
[Round "3.92"]
[White "Richterova, Natasa"]
[Black "Krapivin, Vladislav"]
[Result "0-1"]
[WhiteTitle "WIM"]
[BlackTitle "IM"]
[WhiteElo "2184"]
[BlackElo "2327"]
[WhiteFideId "350591"]
[BlackFideId "4126149"]
[EventDate "2017.07.21"]

1. e4 d6 2. d4 Nf6 3. Nc3 e5 4. Nf3 Nbd7 5. Bc4 Be7 6. O-O O-O 7. a4 c6 8. Ba2
exd4 9. Nxd4 Ne5 10. Kh1 Bd7 11. f4 Ng6 12. Qd3 Qa5 13. Bd2 Qc7 14. Rae1 Rad8
15. Nf3 Bc8 16. Bc1 Qa5 17. Bd2 Qh5 18. Qe3 b6 19. Bc4 Ng4 20. Qe2 d5 21. exd5
cxd5 22. Bb5 Bc5 23. h3 Nf6 24. Ne5 Qh4 25. Nd3 Nh5 26. Rf3 Ng3+ 27. Rxg3 Qxg3
28. Nxc5 bxc5 29. Rf1 Nh4 30. Be1 Nf5 31. Kg1 Qe3+ 32. Bf2 Qxe2 33. Bxe2 d4 34.
Nb5 Rfe8 35. Bd3 Nd6 36. b3 Re7 37. Bh4 f6 38. Be1 Bf5 39. Bxf5 Nxf5 40. Ba5
Rdd7 41. g4 Nh4 42. Rf2 Re3 43. Kh2 d3 44. cxd3 Rdxd3 45. Rc2 Rxh3+ 46. Kg1
Rdg3+ 47. Kf1 Rh1+ 48. Ke2 Rg2+ 0-1

[Event "28th Czech Open A 2017"]
[Site "Pardubice CZE"]
[Date "2017.07.23"]
[Round "3.93"]
[White "Bilchinski, Anton"]
[Black "Radkov, Bazhen D."]
[Result "1/2-1/2"]
[WhiteTitle "FM"]
[WhiteElo "2327"]
[BlackElo "2179"]
[WhiteFideId "24615765"]
[BlackFideId "24170593"]
[EventDate "2017.07.21"]

1. d4 Nf6 2. c4 g6 3. Nc3 d5 4. Qa4+ Bd7 5. Qb3 c5 6. Nxd5 cxd4 7. Nf3 Bg7 8. e3
dxe3 9. Bxe3 O-O 10. Qxb7 Nc6 11. Nxf6+ Bxf6 12. Rd1 Qa5+ 13. Bd2 Qf5 14. Bc3
Bxc3+ 15. bxc3 Rfd8 16. Qb1 1/2-1/2

[Event "28th Czech Open A 2017"]
[Site "Pardubice CZE"]
[Date "2017.07.23"]
[Round "3.94"]
[White "Podvin, Francois-xavier"]
[Black "Havelka, Josef"]
[Result "0-1"]
[BlackTitle "FM"]
[WhiteElo "2180"]
[BlackElo "2326"]
[WhiteFideId "677540"]
[BlackFideId "361097"]
[EventDate "2017.07.21"]

1. e4 c5 2. Nf3 Nc6 3. d4 cxd4 4. Nxd4 Nf6 5. Nc3 d6 6. Bg5 Bd7 7. Qd2 Rc8 8.
O-O-O Nxd4 9. Qxd4 Qa5 10. Bd2 g6 11. Kb1 Bg7 12. f4 Qc5 13. Be3 Qxd4 14. Bxd4
O-O 15. Be2 Bc6 16. Bf3 a6 17. e5 dxe5 18. fxe5 Nd7 19. Bxc6 Rxc6 20. e6 Nf6 21.
exf7+ Kxf7 22. Rhf1 Rd8 23. Ne4 Kg8 24. Bxf6 Rxd1+ 25. Rxd1 exf6 26. c4 f5 27.
Rd8+ Bf8 28. Ng5 h6 29. Nf3 Re6 30. Kc2 Kf7 31. Kd3 Rd6+ 32. Rxd6 Bxd6 33. Kd4
Ke6 34. c5 Bc7 35. b4 g5 36. h3 g4 37. hxg4 fxg4 38. Nd2 h5 39. a4 h4 40. Ne4
Be5+ 41. Kc4 Kf5 42. Kd5 h3 43. gxh3 gxh3 44. b5 axb5 45. axb5 h2 46. Nf2 Bb8 0-1